[Event "AUTch-online Rapid U14 boys"]
[Site "AUT_boys_U14_NEU"]
[Date "2020.12.13"]
[Round "1"]
[White "Philthegamer"]
[Black "tagraz"]
[Result "1-0"]
[WhiteElo "1870"]
[BlackElo "1148"]
[Annotator "NA"]
[PlyCount "65"]
[EventDate "2020.12.13"]
[EventType "blitz"]

1. e4 {[%emt 0:00:05]} e5 {[%emt 0:00:03]} 2. Nf3 {[%emt 0:00:03]} Nc6 {[%emt 0:00:03]} 3. Bc4 {[%emt 0:00:04]} Bc5 {[%emt 0:00:03]} 4. c3 {[%emt 0:00:05]} Nf6 {[%emt 0:00:02]} 5. d4 {[%emt 0:00:05]} exd4 {[%emt 0:00:03]} 6. e5 {[%emt 0:00:01]} d5 {[%emt 0:00:08]} 7. Bb5 {[%emt 0:00:03]} Ne4 {[%emt 0:00:17]} 8. cxd4 {[%emt 0:00:03]} Bb4+ {[%emt 0:00:05]} 9. Bd2 {[%emt 0:00:04]} Bxd2+ {[%emt 0:00:10]} 10. Nbxd2 {[%emt 0:00:05]} Nxd2 {[%emt 0:00:05]} 11. Qxd2 {[%emt 0:00:06]} Bd7 {[%emt 0:00:02]} 12. Bxc6 {[%emt 0:00:15]} Bxc6 {[%emt 0:00:07]} 13. O-O {[%emt 0:00:02]} O-O {[%emt 0:00:04]} 14. Qe3 {[%emt 0:00:59]} Bd7 {[%emt 0:00:12]} 15. Rac1 {[%emt 0:00:14]} c6 {[%emt 0:00:04]} 16. Nd2 {[%emt 0:00:05]} Bf5 {[%emt 0:00:12]} 17. h3 {[%emt 0:00:23]} Qh4 {[%emt 0:00:35]} 18. f4 {[%emt 0:00:28]} Qe7 {[%emt 0:00:42]} 19. Nb3 {[%emt 0:00:28]} Rfe8 {[%emt 0:00:41]} 20. g4 {[%emt 0:00:46]} Be4 {[%emt 0:00:45]} 21. Nc5 {[%emt 0:00:10]} Qh4 {[%emt 0:00:35]} 22. Rc3 {[%emt 0:00:27]} f5 {[%emt 0:00:41]} 23. Nxe4 {[%emt 0:01:25]} fxe4 {[%emt 0:00:12]} 24. f5 {[%emt 0:00:16]} h5 {[%emt 0:00:37]} 25. g5 {[%emt 0:00:23]} g6 {[%emt 0:01:05]} 26. f6 {[%emt 0:00:11]} Re6 {[%emt 0:00:30]} 27. Rc2 {[%emt 0:00:10]} Rxe5 {[%emt 0:00:31]} 28. dxe5 {[%emt 0:00:09]} d4 {[%emt 0:00:02]} 29. f7+ {[%emt 0:00:30]} Kf8 {[%emt 0:00:12]} 30. Qa3+ {[%emt 0:00:03]} Kg7 {[%emt 0:00:13]} 31. f8=Q+ {[%emt 0:00:03]} Rxf8 {[%emt 0:00:03]} 32. Qxf8+ {[%emt 0:00:02]} Kh7 {[%emt 0:00:01]} 33. Rf7# {[%emt 0:00:02] Mate Mate} 1-0

[Event "AUTch-online Rapid U14 boys"]
[Site "AUT_boys_U14_NEU"]
[Date "2020.12.13"]
[Round "1"]
[White "Nico2006"]
[Black "Luk Stadlinger"]
[Result "1-0"]
[WhiteElo "1856"]
[BlackElo "1286"]
[Annotator "NA"]
[PlyCount "75"]
[EventDate "2020.12.13"]
[EventType "blitz"]

1. d4 {[%emt 0:00:02]} d5 {[%emt 0:00:04]} 2. c4 {[%emt 0:00:03] Luk Stadlinger reconnected. Nico2006 reconnected. Nico2006 reconnected. Luk Stadlinger reconnected.} e6 {[%emt 0:04:04] Nico2006 reconnected.} 3. Nc3 {[%emt 0:00:03]} Nf6 {[%emt 0:00:02]} 4. cxd5 {[%emt 0:00:02]} Nxd5 {[%emt 0:00:08]} 5. e4 {[%emt 0:00:03] Nico2006 reconnected.} Nxc3 {[%emt 0:00:16]} 6. bxc3 {[%emt 0:00:03]} Nc6 {[%emt 0:00:01]} 7. Nf3 {[%emt 0:00:05]} Be7 {[%emt 0:00:15]} 8. Be2 {[%emt 0:00:08]} O-O {[%emt 0:00:04]} 9. O-O {[%emt 0:00:02] Nico2006 reconnected.} b6 {[%emt 0:00:30]} 10. Be3 {[%emt 0:00:06]} Bb7 {[%emt 0:00:02]} 11. Qc2 {[%emt 0:01:01]} Bf6 {[%emt 0:01:13] Restarted B (13.16e)} 12. Bd3 {[%emt 0:00:27] Nico2006 reconnected.} g6 {[%emt 0:00:08]} 13. Bh6 {[%emt 0:00:42]} Bg7 {[%emt 0:00:13]} 14. Bxg7 {[%emt 0:00:03]} Kxg7 {[%emt 0:00:00]} 15. Rab1 {[%emt 0:00:19]} Ne7 {[%emt 0:00:41]} 16. c4 {[%emt 0:00:22]} Rc8 {[%emt 0:00:36]} 17. Rfe1 {[%emt 0:00:29]} f5 {[%emt 0:00:43]} 18. Qc3 {[%emt 0:00:08]} Kg8 {[%emt 0:00:10] Nico2006 reconnected. Luk Stadlinger reconnected. Nico2006 reconnected.} 19. Ng5 {[%emt 0:02:01]} Qd7 {[%emt 0:00:29]} 20. Rbd1 {[%emt 0:00:49]} h6 {[%emt 0:00:14]} 21. Nf3 {[%emt 0:00:05]} Rcd8 {[%emt 0:00:02]} 22. d5 {[%emt 0:00:31]} exd5 {[%emt 0:00:03]} 23. exd5 {[%emt 0:00:05]} Nc8 {[%emt 0:00:05]} 24. Qe5 {[%emt 0:00:18]} Rde8 {[%emt 0:00:11]} 25. Qg3 {[%emt 0:00:04]} Rxe1+ {[%emt 0:00:08]} 26. Rxe1 {[%emt 0:00:06]} g5 {[%emt 0:00:04]} 27. Qe5 {[%emt 0:00:46]} Nd6 {[%emt 0:00:02]} 28. Nd4 {[%emt 0:00:18]} Re8 {[%emt 0:00:02] Nico2006 reconnected.} 29. Ne6 {[%emt 0:00:06]} c6 {[%emt 0:00:12] Nico2006 reconnected. Nico2006 reconnected.} 30. Bxf5 {[%emt 0:00:51]} Nxf5 {[%emt 0:00:02]} 31. Qxf5 {[%emt 0:00:02]} cxd5 {[%emt 0:00:02]} 32. Qg6+ {[%emt 0:00:02]} Kh8 {[%emt 0:00:05]} 33. Qxh6+ {[%emt 0:00:12]} Kg8 {[%emt 0:00:07]} 34. Qxg5+ {[%emt 0:00:08]} Kh8 {[%emt 0:00:06]} 35. Re3 {[%emt 0:00:32]} Re7 {[%emt 0:00:27]} 36. Rh3+ {[%emt 0:00:14]} Rh7 {[%emt 0:00:01]} 37. Nf8 {[%emt 0:00:18]} Rxh3 {[%emt 0:00:11]} 38. Nxd7 {[%emt 0:00:05] Luk Stadlinger resigns} 1-0

[Event "AUTch-online Rapid U14 boys"]
[Site "AUT_boys_U14_NEU"]
[Date "2020.12.13"]
[Round "1"]
[White "Blumenlaus"]
[Black "chessless13"]
[Result "1-0"]
[WhiteElo "1833"]
[BlackElo "1532"]
[Annotator "NA"]
[PlyCount "51"]
[EventDate "2020.12.13"]
[EventType "blitz"]

1. d4 {[%emt 0:00:02]} d5 {[%emt 0:00:03]} 2. c4 {[%emt 0:00:01]} e6 {[%emt 0:00:02]} 3. Nf3 {[%emt 0:00:02]} Nf6 {[%emt 0:00:02]} 4. g3 {[%emt 0:00:05]} Nbd7 {[%emt 0:00:10]} 5. Bg2 {[%emt 0:00:03]} b6 {[%emt 0:00:04]} 6. O-O {[%emt 0:00:11]} Bb7 {[%emt 0:00:03]} 7. Nc3 {[%emt 0:00:02]} Be7 {[%emt 0:00:26]} 8. Ne5 {[%emt 0:00:04]} c5 {[%emt 0:02:17]} 9. cxd5 {[%emt 0:01:01]} Nxd5 {[%emt 0:00:41]} 10. Nxd5 {[%emt 0:00:07]} Bxd5 {[%emt 0:01:08]} 11. Bxd5 {[%emt 0:01:19]} exd5 {[%emt 0:00:02]} 12. Nc6 {[%emt 0:00:06]} Qc7 {[%emt 0:00:14]} 13. Nxe7 {[%emt 0:00:07]} Kxe7 {[%emt 0:00:00]} 14. dxc5 {[%emt 0:00:52]} Qxc5 {[%emt 0:00:22]} 15. Bg5+ {[%emt 0:00:38]} f6 {[%emt 0:00:28]} 16. Rc1 {[%emt 0:00:02]} Qa5 {[%emt 0:01:06]} 17. Bf4 {[%emt 0:00:13]} Qxa2 {[%emt 0:01:20]} 18. e4 {[%emt 0:00:39]} Rac8 {[%emt 0:00:52]} 19. exd5 {[%emt 0:00:53]} Rxc1 {[%emt 0:00:21]} 20. Qe2+ {[%emt 0:00:02]} Kd8 {[%emt 0:00:19]} 21. Rxc1 {[%emt 0:00:15]} Nc5 {[%emt 0:00:33]} 22. d6 {[%emt 0:00:47]} Re8 {[%emt 0:00:18]} 23. Qf3 {[%emt 0:00:01]} Qxb2 {[%emt 0:00:14]} 24. Qa8+ {[%emt 0:00:03]} Kd7 {[%emt 0:00:01]} 25. Qxa7+ {[%emt 0:00:01]} Kd8 {[%emt 0:00:01]} 26. Qc7# {[%emt 0:00:02] Mate Mate} 1-0

[Event "AUTch-online Rapid U14 boys"]
[Site "AUT_boys_U14_NEU"]
[Date "2020.12.13"]
[Round "1"]
[White "Philip Hengl"]
[Black "Famol"]
[Result "0-1"]
[WhiteElo "1816"]
[BlackElo "1579"]
[Annotator "NA"]
[PlyCount "24"]
[EventDate "2020.12.13"]
[EventType "blitz"]

1. e4 {[%emt 0:00:05]} c6 {[%emt 0:00:06]} 2. d4 {[%emt 0:00:02]} d6 {[%emt 0:00:01]} 3. Be3 {[%emt 0:00:11]} Nd7 {[%emt 0:00:02]} 4. f3 {[%emt 0:00:10]} Qc7 {[%emt 0:00:02]} 5. Nc3 {[%emt 0:00:02]} e5 {[%emt 0:00:02]} 6. Qd2 {[%emt 0:00:08]} Ngf6 {[%emt 0:00:02]} 7. a4 {[%emt 0:00:11]} Be7 {[%emt 0:00:04]} 8. Bc4 {[%emt 0:00:13]} Nf8 {[%emt 0:00:03]} 9. Nge2 {[%emt 0:00:05]} Ng6 {[%emt 0:00:14] Philip Hengl reconnected.} 10. h4 {[%emt 0:01:16]} Nh5 {[%emt 0:00:29] Philip Hengl reconnected.} 11. g4 {[%emt 0:01:03]} Nxh4 {[%emt 0:00:39]} 12. Kf2 {[%emt 0:00:29]} Nf6 {[%emt 0:00:54]} 0-1

[Event "AUTch-online Rapid U14 boys"]
[Site "AUT_boys_U14_NEU"]
[Date "2020.12.13"]
[Round "1"]
[White "matschi2006"]
[Black "Master_Chessy"]
[Result "1-0"]
[WhiteElo "1748"]
[BlackElo "1620"]
[Annotator "NA"]
[PlyCount "67"]
[EventDate "2020.12.13"]
[EventType "blitz"]

1. d4 {[%emt 0:00:11]} d5 {[%emt 0:00:02]} 2. Nf3 {[%emt 0:00:04]} Bf5 {[%emt 0:00:18]} 3. c4 {[%emt 0:00:03]} Bxb1 {[%emt 0:00:05]} 4. Rxb1 {[%emt 0:00:05]} Nf6 {[%emt 0:00:04]} 5. e3 {[%emt 0:00:05]} e6 {[%emt 0:00:03]} 6. Qb3 {[%emt 0:00:03]} Nbd7 {[%emt 0:00:16]} 7. Be2 {[%emt 0:00:09]} Be7 {[%emt 0:00:14]} 8. O-O {[%emt 0:00:01]} O-O {[%emt 0:00:01]} 9. Bd2 {[%emt 0:00:23]} Rb8 {[%emt 0:00:23]} 10. Bb4 {[%emt 0:00:05]} c5 {[%emt 0:01:45]} 11. Bc3 {[%emt 0:02:15]} a6 {[%emt 0:01:28]} 12. cxd5 {[%emt 0:01:32]} Nxd5 {[%emt 0:00:41]} 13. Rbd1 {[%emt 0:00:10]} Bf6 {[%emt 0:01:40]} 14. Qc2 {[%emt 0:00:45]} g6 {[%emt 0:01:03]} 15. dxc5 {[%emt 0:00:12]} Bxc3 {[%emt 0:00:14]} 16. bxc3 {[%emt 0:00:03]} Qf6 {[%emt 0:00:20]} 17. e4 {[%emt 0:00:20]} Qxc3 {[%emt 0:00:29]} 18. Qxc3 {[%emt 0:04:18]} Nxc3 {[%emt 0:00:02]} 19. Rxd7 {[%emt 0:00:02]} Nxe2+ {[%emt 0:00:02]} 20. Kh1 {[%emt 0:00:00]} Rfd8 {[%emt 0:00:20]} 21. Rfd1 {[%emt 0:00:01]} Rxd7 {[%emt 0:00:02]} 22. Rxd7 {[%emt 0:00:01]} Nc3 {[%emt 0:00:02]} 23. Ne5 {[%emt 0:00:14]} Nxe4 {[%emt 0:00:30]} 24. Nc4 {[%emt 0:00:07]} Nxc5 {[%emt 0:00:04]} 25. Rc7 {[%emt 0:00:01]} Ne4 {[%emt 0:00:09]} 26. f3 {[%emt 0:00:02]} Nc3 {[%emt 0:00:03]} 27. a3 {[%emt 0:00:01]} Nd5 {[%emt 0:00:04]} 28. Rd7 {[%emt 0:00:02]} b5 {[%emt 0:00:05]} 29. Nd6 {[%emt 0:00:02]} a5 {[%emt 0:00:26]} 30. Nxf7 {[%emt 0:00:02]} b4 {[%emt 0:00:19]} 31. axb4 {[%emt 0:00:02]} axb4 {[%emt 0:00:02]} 32. Nh6+ {[%emt 0:00:02]} Kf8 {[%emt 0:00:09]} 33. Rxh7 {[%emt 0:00:02]} Re8 {[%emt 0:00:06]} 34. Rf7# {[%emt 0:00:01] Mate Mate} 1-0

[Event "AUTch-online Rapid U14 boys"]
[Site "AUT_boys_U14_NEU"]
[Date "2020.12.13"]
[Round "1"]
[White "Chessking1304"]
[Black "Kriasi"]
[Result "0-1"]
[WhiteElo "1706"]
[BlackElo "1763"]
[Annotator "NA"]
[PlyCount "32"]
[EventDate "2020.12.13"]
[EventType "blitz"]

1. d4 {[%emt 0:00:11]} Nf6 {[%emt 0:00:09]} 2. c4 {[%emt 0:00:02]} e6 {[%emt 0:00:01]} 3. g3 {[%emt 0:00:02]} d5 {[%emt 0:00:02]} 4. Bg2 {[%emt 0:00:01]} dxc4 {[%emt 0:00:01]} 5. Nf3 {[%emt 0:00:01]} Bd7 {[%emt 0:00:01]} 6. O-O {[%emt 0:00:02]} Bc6 {[%emt 0:00:02]} 7. Nbd2 {[%emt 0:00:12]} b5 {[%emt 0:00:02]} 8. a4 {[%emt 0:00:10]} a6 {[%emt 0:00:03]} 9. axb5 {[%emt 0:00:09]} axb5 {[%emt 0:00:05]} 10. Rxa8 {[%emt 0:00:00]} Bxa8 {[%emt 0:00:01]} 11. b3 {[%emt 0:00:02]} c3 {[%emt 0:00:23]} 12. Nb1 {[%emt 0:00:01]} b4 {[%emt 0:00:01]} 13. Bg5 {[%emt 0:00:15]} Be7 {[%emt 0:00:04]} 14. Qd3 {[%emt 0:00:03]} O-O {[%emt 0:00:10]} 15. e3 {[%emt 0:00:02]} Bb7 {[%emt 0:00:13]} 16. Qc4 {[%emt 0:00:03]} Ba6 {[%emt 0:00:06] Chessking1304 resigns} 0-1

[Event "AUTch-online Rapid U14 boys"]
[Site "AUT_boys_U14_NEU"]
[Date "2020.12.13"]
[Round "1"]
[White "Quentin f"]
[Black "Leitthee0107"]
[Result "1/2-1/2"]
[WhiteElo "1701"]
[BlackElo "1784"]
[Annotator "NA"]
[PlyCount "129"]
[EventDate "2020.12.13"]
[EventType "blitz"]

1. e4 {[%emt 0:00:04]} c5 {[%emt 0:00:02]} 2. Nf3 {[%emt 0:00:07]} e6 {[%emt 0:00:01]} 3. d4 {[%emt 0:00:02]} cxd4 {[%emt 0:00:01]} 4. Nxd4 {[%emt 0:00:01]} Nf6 {[%emt 0:00:02]} 5. Nc3 {[%emt 0:00:01]} Nc6 {[%emt 0:00:03]} 6. h3 {[%emt 0:00:03]} Bb4 {[%emt 0:00:03]} 7. Nxc6 {[%emt 0:00:01]} bxc6 {[%emt 0:00:02]} 8. Bd3 {[%emt 0:00:00]} d5 {[%emt 0:00:05]} 9. e5 {[%emt 0:00:04]} Nd7 {[%emt 0:00:02]} 10. Bf4 {[%emt 0:00:03]} d4 {[%emt 0:00:12]} 11. a3 {[%emt 0:00:01]} dxc3 {[%emt 0:00:01]} 12. axb4 {[%emt 0:00:03]} cxb2 {[%emt 0:00:01]} 13. Rb1 {[%emt 0:00:01]} O-O {[%emt 0:00:03]} 14. Rxb2 {[%emt 0:00:02]} c5 {[%emt 0:00:06]} 15. O-O {[%emt 0:00:05]} Qh4 {[%emt 0:00:18]} 16. Bg3 {[%emt 0:00:05]} Qg5 {[%emt 0:00:04]} 17. Re1 {[%emt 0:00:23]} Rb8 {[%emt 0:00:09]} 18. b5 {[%emt 0:00:16]} Nb6 {[%emt 0:00:06]} 19. c4 {[%emt 0:00:02]} Bb7 {[%emt 0:00:03]} 20. Qc2 {[%emt 0:00:05]} h5 {[%emt 0:00:04]} 21. Qd2 {[%emt 0:00:07]} Qxd2 {[%emt 0:00:11]} 22. Rxd2 {[%emt 0:00:02]} Rfd8 {[%emt 0:00:02]} 23. Red1 {[%emt 0:00:03]} g6 {[%emt 0:00:07]} 24. f4 {[%emt 0:00:07]} Rd7 {[%emt 0:00:04]} 25. Be2 {[%emt 0:00:18]} Rbd8 {[%emt 0:00:11]} 26. Rxd7 {[%emt 0:00:05]} Rxd7 {[%emt 0:00:02]} 27. Rxd7 {[%emt 0:00:10]} Nxd7 {[%emt 0:00:03]} 28. Bf2 {[%emt 0:00:01]} Kf8 {[%emt 0:00:02]} 29. Be3 {[%emt 0:00:04]} Ke8 {[%emt 0:00:02]} 30. Kf2 {[%emt 0:00:01]} Kd8 {[%emt 0:00:02]} 31. Bf3 {[%emt 0:00:03]} Bxf3 {[%emt 0:00:04]} 32. Kxf3 {[%emt 0:00:01]} Kc7 {[%emt 0:00:01]} 33. Ke4 {[%emt 0:00:01]} Kb6 {[%emt 0:00:01]} 34. Kd3 {[%emt 0:00:01]} a6 {[%emt 0:00:06]} 35. bxa6 {[%emt 0:00:03]} Kxa6 {[%emt 0:00:01]} 36. Kc3 {[%emt 0:00:01]} Kb6 {[%emt 0:00:01]} 37. Bg1 {[%emt 0:00:08]} Kc6 {[%emt 0:00:01] Quentin f offers a draw} 38. g4 {[%emt 0:00:04]} hxg4 {[%emt 0:00:06]} 39. hxg4 {[%emt 0:00:01]} Nb6 {[%emt 0:00:02]} 40. Be3 {[%emt 0:00:04]} Na8 {[%emt 0:00:02]} 41. g5 {[%emt 0:00:07]} Nc7 {[%emt 0:00:03]} 42. Bc1 {[%emt 0:00:02]} Na6 {[%emt 0:00:02]} 43. Ba3 {[%emt 0:00:03]} Nc7 {[%emt 0:00:07]} 44. Bc1 {[%emt 0:00:04]} Ne8 {[%emt 0:00:02]} 45. Bd2 {[%emt 0:00:07]} Ng7 {[%emt 0:00:01]} 46. Bc1 {[%emt 0:00:01]} Kb6 {[%emt 0:00:02]} 47. Be3 {[%emt 0:00:01]} Nf5 {[%emt 0:00:02]} 48. Bg1 {[%emt 0:00:01]} Ng3 {[%emt 0:00:03]} 49. Be3 {[%emt 0:00:07]} Nh5 {[%emt 0:00:02]} 50. Bd2 {[%emt 0:00:05]} Ng3 {[%emt 0:00:14]} 51. Be3 {[%emt 0:00:08]} Nf5 {[%emt 0:00:04]} 52. Bf2 {[%emt 0:00:02]} Kc6 {[%emt 0:00:06]} 53. Bg1 {[%emt 0:00:06]} Ng3 {[%emt 0:00:01]} 54. Be3 {[%emt 0:00:01]} Ne2+ {[%emt 0:00:04]} 55. Kd3 {[%emt 0:00:04]} Ng3 {[%emt 0:00:01]} 56. Bf2 {[%emt 0:00:07]} Nf5 {[%emt 0:00:04]} 57. Kc3 {[%emt 0:00:06]} Ne7 {[%emt 0:00:03]} 58. Kd3 {[%emt 0:00:03] Quentin f offers a draw} Nf5 {[%emt 0:00:49]} 59. Kc3 {[%emt 0:00:03]} Ng7 {[%emt 0:00:02]} 60. Kd3 {[%emt 0:00:03]} Nh5 {[%emt 0:00:01]} 61. Be3 {[%emt 0:00:02]} Kb6 {[%emt 0:00:07]} 62. Kc3 {[%emt 0:00:02]} Ng3 {[%emt 0:00:02]} 63. Kd3 {[%emt 0:00:06]} Kc6 {[%emt 0:00:03]} 64. Kc3 {[%emt 0:00:01]} Nf5 {[%emt 0:00:04]} 65. Bf2 {[%emt 0:00:02] Threefold Rep Threefold Rep} 1/2-1/2

[Event "AUTch-online Rapid U14 boys"]
[Site "AUT_boys_U14_NEU"]
[Date "2020.12.13"]
[Round "1"]
[White "Sota07"]
[Black "Alexander Hörfarter"]
[Result "1-0"]
[WhiteElo "1687"]
[BlackElo "1410"]
[Annotator "NA"]
[PlyCount "101"]
[EventDate "2020.12.13"]
[EventType "blitz"]

1. e4 {[%emt 0:00:09]} e5 {[%emt 0:00:04]} 2. Nf3 {[%emt 0:00:01]} Nc6 {[%emt 0:00:14]} 3. d4 {[%emt 0:00:07]} exd4 {[%emt 0:00:07]} 4. Bc4 {[%emt 0:00:02]} Bc5 {[%emt 0:00:14]} 5. c3 {[%emt 0:00:02]} dxc3 {[%emt 0:00:18]} 6. Bxf7+ {[%emt 0:00:02]} Kxf7 {[%emt 0:00:04]} 7. Qd5+ {[%emt 0:00:01]} Ke8 {[%emt 0:00:08]} 8. Qh5+ {[%emt 0:00:02]} g6 {[%emt 0:00:03]} 9. Qxc5 {[%emt 0:00:02]} d6 {[%emt 0:00:17]} 10. Qxc3 {[%emt 0:00:10]} Qf6 {[%emt 0:00:05]} 11. Bg5 {[%emt 0:00:14]} Qxc3+ {[%emt 0:00:21]} 12. Nxc3 {[%emt 0:00:00]} Nge7 {[%emt 0:00:03]} 13. O-O-O {[%emt 0:00:15]} Bg4 {[%emt 0:00:04]} 14. Nd5 {[%emt 0:01:08]} Nxd5 {[%emt 0:00:03]} 15. exd5 {[%emt 0:00:03]} Nb4 {[%emt 0:00:04]} 16. Rhe1+ {[%emt 0:00:06]} Kd7 {[%emt 0:00:04]} 17. Re7+ {[%emt 0:00:22]} Kc8 {[%emt 0:00:04]} 18. Rde1 {[%emt 0:00:49]} Bxf3 {[%emt 0:00:04]} 19. gxf3 {[%emt 0:00:04]} b6 {[%emt 0:00:08]} 20. Re8+ {[%emt 0:01:02]} Rxe8 {[%emt 0:00:26]} 21. Rxe8+ {[%emt 0:00:00]} Kb7 {[%emt 0:00:01]} 22. Re7 {[%emt 0:00:04]} Rh8 {[%emt 0:00:09]} 23. Bf6 {[%emt 0:00:52]} Rf8 {[%emt 0:00:03]} 24. Bd4 {[%emt 0:00:25]} Nxd5 {[%emt 0:00:05]} 25. Rxh7 {[%emt 0:00:03]} Rxf3 {[%emt 0:00:05]} 26. Kd2 {[%emt 0:00:19]} Rf4 {[%emt 0:00:06]} 27. Be3 {[%emt 0:00:14]} Rg4 {[%emt 0:00:02]} 28. Ke2 {[%emt 0:00:09]} Nxe3 {[%emt 0:00:06]} 29. Kxe3 {[%emt 0:00:02]} g5 {[%emt 0:00:05]} 30. h3 {[%emt 0:00:19]} Rf4 {[%emt 0:00:08]} 31. Rh5 {[%emt 0:00:18]} Rf5 {[%emt 0:00:03]} 32. h4 {[%emt 0:00:04]} Re5+ {[%emt 0:00:12]} 33. Kd3 {[%emt 0:00:09]} gxh4 {[%emt 0:00:13]} 34. Rxh4 {[%emt 0:00:00]} Kc6 {[%emt 0:00:04]} 35. f4 {[%emt 0:00:04]} Rf5 {[%emt 0:00:04]} 36. Ke4 {[%emt 0:00:02]} Rf6 {[%emt 0:00:04]} 37. Rh2 {[%emt 0:00:07]} d5+ {[%emt 0:00:03]} 38. Ke5 {[%emt 0:00:02]} Rf7 {[%emt 0:00:04]} 39. Rc2+ {[%emt 0:00:06]} Kd7 {[%emt 0:00:03]} 40. Rf2 {[%emt 0:00:05]} Re7+ {[%emt 0:00:02]} 41. Kxd5 {[%emt 0:00:02]} Rf7 {[%emt 0:00:58]} 42. f5 {[%emt 0:00:10]} c6+ {[%emt 0:00:03]} 43. Ke5 {[%emt 0:00:04]} Ke7 {[%emt 0:00:11]} 44. f6+ {[%emt 0:00:04]} Kd7 {[%emt 0:00:03]} 45. Kf5 {[%emt 0:00:04]} Kd6 {[%emt 0:00:03]} 46. Kg6 {[%emt 0:00:03]} Rf8 {[%emt 0:00:05]} 47. Kg7 {[%emt 0:00:02]} Rd8 {[%emt 0:00:02]} 48. f7 {[%emt 0:00:02]} Rd7 {[%emt 0:00:01]} 49. Rd2+ {[%emt 0:00:09]} Ke7 {[%emt 0:00:17]} 50. Rxd7+ {[%emt 0:00:00]} Kxd7 {[%emt 0:00:01]} 51. f8=Q {[%emt 0:00:01] Alexander Hörfarter resigns} 1-0

[Event "AUTch-online Rapid U14 boys"]
[Site "AUT_boys_U14_NEU"]
[Date "2020.12.13"]
[Round "1"]
[White "Azaytsev2017"]
[Black "Valib"]
[Result "1-0"]
[WhiteElo "1602"]
[BlackElo "1397"]
[Annotator "NA"]
[PlyCount "73"]
[EventDate "2020.12.13"]
[EventType "blitz"]

1. e4 {[%emt 0:00:43]} d6 {[%emt 0:00:04]} 2. d4 {[%emt 0:00:05]} Nf6 {[%emt 0:00:06]} 3. Nc3 {[%emt 0:00:02]} g6 {[%emt 0:00:02]} 4. Nf3 {[%emt 0:00:07]} Bg7 {[%emt 0:00:03]} 5. h3 {[%emt 0:00:02]} O-O {[%emt 0:00:02]} 6. Be3 {[%emt 0:00:06]} Nc6 {[%emt 0:00:02]} 7. Be2 {[%emt 0:00:10]} e5 {[%emt 0:00:04]} 8. O-O {[%emt 0:00:10]} Be6 {[%emt 0:00:08]} 9. d5 {[%emt 0:00:04]} Nd4 {[%emt 0:00:04]} 10. dxe6 {[%emt 0:00:05]} Nxf3+ {[%emt 0:00:02]} 11. Bxf3 {[%emt 0:00:05]} fxe6 {[%emt 0:00:07]} 12. Qd2 {[%emt 0:00:03]} a6 {[%emt 0:00:03]} 13. Ne2 {[%emt 0:00:08]} d5 {[%emt 0:00:03]} 14. Ng3 {[%emt 0:01:02]} Qd6 {[%emt 0:00:11]} 15. b4 {[%emt 0:00:35]} Rfd8 {[%emt 0:00:29]} 16. Bc5 {[%emt 0:00:17]} Qc6 {[%emt 0:00:13]} 17. exd5 {[%emt 0:00:20]} exd5 {[%emt 0:00:04]} 18. Be7 {[%emt 0:00:17]} Rd7 {[%emt 0:00:10]} 19. Bxf6 {[%emt 0:00:06]} Qxf6 {[%emt 0:00:03]} 20. Rad1 {[%emt 0:00:14]} Rad8 {[%emt 0:00:03]} 21. Bg4 {[%emt 0:00:29]} Rd6 {[%emt 0:00:06]} 22. Qc1 {[%emt 0:00:43]} Qf8 {[%emt 0:00:07]} 23. Rfe1 {[%emt 0:00:12]} e4 {[%emt 0:00:05]} 24. c4 {[%emt 0:00:21]} Rc6 {[%emt 0:00:17]} 25. Qg5 {[%emt 0:01:24]} Bf6 {[%emt 0:00:29]} 26. Qe3 {[%emt 0:00:11]} Qxb4 {[%emt 0:00:24]} 27. cxd5 {[%emt 0:00:10]} Rcd6 {[%emt 0:00:13]} 28. Nxe4 {[%emt 0:00:09]} Bd4 {[%emt 0:00:41]} 29. Qxd4 {[%emt 0:00:09]} Qxd4 {[%emt 0:00:06]} 30. Rxd4 {[%emt 0:00:03]} Rxd5 {[%emt 0:00:01]} 31. Nf6+ {[%emt 0:00:03]} Kg7 {[%emt 0:00:05]} 32. Nxd5 {[%emt 0:00:05]} c6 {[%emt 0:00:03]} 33. Red1 {[%emt 0:00:07]} cxd5 {[%emt 0:00:03]} 34. Rxd5 {[%emt 0:00:02]} Rf8 {[%emt 0:00:03]} 35. Rd7+ {[%emt 0:00:03]} Kf6 {[%emt 0:00:04]} 36. f4 {[%emt 0:00:08]} h5 {[%emt 0:00:04]} 37. R1d6# {[%emt 0:00:02] Mate Mate} 1-0

[Event "AUTch-online Rapid U14 boys"]
[Site "AUT_boys_U14_NEU"]
[Date "2020.12.13"]
[Round "1"]
[White "MrB137"]
[Black "MIM64"]
[Result "1-0"]
[WhiteElo "1586"]
[BlackElo "1917"]
[Annotator "NA"]
[PlyCount "91"]
[EventDate "2020.12.13"]
[EventType "blitz"]

1. d4 {[%emt 0:00:01]} Nf6 {[%emt 0:00:04]} 2. e3 {[%emt 0:00:04]} c5 {[%emt 0:00:04]} 3. Nf3 {[%emt 0:00:02]} e6 {[%emt 0:00:05]} 4. g3 {[%emt 0:00:09]} b6 {[%emt 0:00:04]} 5. Bg2 {[%emt 0:00:08]} Bb7 {[%emt 0:00:01]} 6. O-O {[%emt 0:00:05]} Be7 {[%emt 0:00:02]} 7. b3 {[%emt 0:00:05]} cxd4 {[%emt 0:00:19]} 8. Nxd4 {[%emt 0:00:16]} Bxg2 {[%emt 0:00:05]} 9. Kxg2 {[%emt 0:00:03]} O-O {[%emt 0:00:44]} 10. c4 {[%emt 0:00:11]} d5 {[%emt 0:00:03]} 11. cxd5 {[%emt 0:00:20]} Qxd5+ {[%emt 0:00:02]} 12. Kg1 {[%emt 0:00:01]} Nc6 {[%emt 0:00:05]} 13. Bb2 {[%emt 0:00:02]} Rfd8 {[%emt 0:00:04]} 14. Nc3 {[%emt 0:00:21]} Nxd4 {[%emt 0:00:03]} 15. Nxd5 {[%emt 0:00:02]} Rxd5 {[%emt 0:00:09]} 16. Bxd4 {[%emt 0:00:04]} Rad8 {[%emt 0:00:02]} 17. Qc2 {[%emt 0:00:11]} e5 {[%emt 0:00:02]} 18. Bb2 {[%emt 0:00:04]} Rd2 {[%emt 0:00:01]} 19. Qc3 {[%emt 0:00:04]} h6 {[%emt 0:00:42]} 20. Qxe5 {[%emt 0:00:16]} Bd6 {[%emt 0:00:02]} 21. Qc3 {[%emt 0:00:09]} Bc5 {[%emt 0:00:07]} 22. b4 {[%emt 0:00:14]} Bf8 {[%emt 0:00:17]} 23. a3 {[%emt 0:00:02]} Ne4 {[%emt 0:00:02]} 24. Qe5 {[%emt 0:00:10]} Ng5 {[%emt 0:00:04]} 25. Qc3 {[%emt 0:01:11]} R8d3 {[%emt 0:00:08]} 26. Qc4 {[%emt 0:00:30]} Nf3+ {[%emt 0:00:36]} 27. Kg2 {[%emt 0:00:08]} Ng5 {[%emt 0:00:32]} 28. Bc1 {[%emt 0:00:50]} Rd1 {[%emt 0:00:16]} 29. Rxd1 {[%emt 0:00:03]} Rxd1 {[%emt 0:00:00]} 30. Bb2 {[%emt 0:00:07]} Rd2 {[%emt 0:00:01]} 31. Bd4 {[%emt 0:00:07]} Ne4 {[%emt 0:00:04]} 32. Ra2 {[%emt 0:00:20]} Rd1 {[%emt 0:00:10]} 33. Qc2 {[%emt 0:00:27]} Rd2 {[%emt 0:00:03]} 34. Qxd2 {[%emt 0:00:07]} Nxd2 {[%emt 0:00:00]} 35. Rxd2 {[%emt 0:00:01]} f6 {[%emt 0:00:00]} 36. Bc3 {[%emt 0:00:03]} Kf7 {[%emt 0:00:01]} 37. a4 {[%emt 0:00:01]} Ke6 {[%emt 0:00:01]} 38. a5 {[%emt 0:00:01]} bxa5 {[%emt 0:00:02]} 39. bxa5 {[%emt 0:00:02]} Ba3 {[%emt 0:00:01]} 40. Rd8 {[%emt 0:00:09]} Ke7 {[%emt 0:00:04]} 41. Ra8 {[%emt 0:00:02]} Bc5 {[%emt 0:00:01]} 42. Bd4 {[%emt 0:00:04]} Bb4 {[%emt 0:00:03]} 43. Rxa7+ {[%emt 0:00:01]} Kd6 {[%emt 0:00:00]} 44. Kf3 {[%emt 0:00:11]} Kc6 {[%emt 0:00:02]} 45. a6 {[%emt 0:00:07]} Ba5 {[%emt 0:00:03]} 46. Rxg7 {[%emt 0:00:05] MIM64 resigns} 1-0